Responses for Show #5457 - Tuesday, May 6, 2008

2008 College Championship quarterfinal game 2.
From the Kohl Center at the University of Wisconsin-Madison.

Contestants

[<< previous game]

Danielle Zsenak, a senior from Marquette University

Vera Swain, a junior from the University of South Carolina

James Grant, a junior from Georgetown University

[next game >>]

Jeopardy! Round responses

EARLY AMERICA
& THE AWARD GOES TO...
PEOPLE IN THE NEWS
FEED ME!
POP CULTURE
THE "DEL"s
    $200 11
witchcraft

James
    $200 7
film

Vera
    $200 22
Spitzer

James
    $200 20
ravioli

Danielle
    $200 2
David Beckham

Danielle
    $200 1
delete

Vera
    $400 12
Franklin

Danielle
    $400 8
(Danielle: Who is Nobel?)

Gandhi

VeraDanielle
    $400 23
the Dalai Lama

Danielle
    $400 21
Fritos

Vera
    $400 3
Gyllenhaal

Vera
    $400 16
delegates

Danielle
    $600 13
the Old North Church

Danielle
    $600 9
(James: Who is Oscar Wilde?)

Mark Twain

JamesDanielle
    $600 28
Bob Dylan

James
    $600 25
green eggs & ham

Vera
    $600 4
Chris Brown

Vera
    $600 17
delusions

James
    $800 15
Ponce de Léon

Danielle
    $800 10
computer science

James
    $800 29
Pakistan

Danielle
    $800 26
Manhattan & New England

Danielle
    $800 5
Uma Thurman

Danielle
    $800 18
a deluge

James
    $1000 14
Roger Williams

Triple Stumper
    $1000 24
(Danielle: What is physics?)

mathematics

Danielle
Triple Stumper
    $1000 30
Blackwater

Danielle
    $1000 27
plantains

Vera
    $1000 6
Mr. Bean

Vera
    $1000 19
Delphi

Danielle

Scores at the first commercial break (after clue 15):

James Vera Danielle
$400 $2,800 $3,000

Scores at the end of the Jeopardy! Round:

James Vera Danielle
$2,600 $4,800 $6,600

Double Jeopardy! Round responses

ON WISCONSIN
INDIANA JONES
LESSER-KNOWN NAMES
FICTIONAL CHARACTERS
YOU CAN'T HANDLE THE TOOTH
BEFORE & AFTER
    $400 29
cheese

Vera
    $400 3
Harrison Ford

Vera
    $400 16
a leg

James
    $400 11
Gulliver

James
    $400 20
Washington

Danielle
    $400 1
North Dakota Fanning

Vera
    $800 23
(Alex: Ahnold, yes.)

Schwarzenegger

James
    $800 7
River Phoenix

James
    $800 17
barbed wire

James
    $800 12
Willy Loman

Danielle
    $800 21
(Evander) Holyfield

Vera
    $800 2
Michelin Man of La Mancha

Danielle
    $1200 30
Oshkosh

Danielle
    $1200 8
Indiana Jones and the Last Crusade

Danielle
    $1200 18
economics

Danielle
    $1200 13
A Doll's House

Vera
    $1200 22
old

Danielle
    $1200 4
make it work release

Danielle
    $1600 26
Green Bay

Vera
    $1600 9
John Williams

Vera
    $1600 19
Hearst

Danielle
    $4,000 14
Prince Caspian

Vera
    $4,200 27
Jason

Vera
    $1600 5
Winston Churchill Downs

Triple Stumper
    $2000 24
(Frank Lloyd) Wright

Danielle
    $2000 10
Thuggee

Danielle
    $2000 25
sea birds

Triple Stumper
    $2000 15
Robert Langdon

Triple Stumper
    $2000 28
a walrus

Danielle
    $2000 6
"Here Comes the Sun Yat-sen"

Triple Stumper

Scores at the end of the Double Jeopardy! Round:

James Vera Danielle
$5,800 $19,400 $22,200

Final Jeopardy! Round responses

THE 7 WONDERS OF THE WORLD
JamesWhat are the Hanging Gardens of Babylon?
$5,799
VeraWhat is the Parthenon
$8,299
DanielleWhat are the Hanging Gardens of Babylon
$22,200
the Hanging Gardens of Babylon

Final scores:

James Vera Danielle
$11,599 $11,101 $44,400
2nd place: $5,000 if eliminated 3rd place: $5,000 if eliminated Automatic semifinalist

Game dynamics:

Coryat scores:

James Vera Danielle
$5,800 $14,400 $22,200
11 R,
1 W
18 R
(including 2 DDs),
0 W
25 R
(including 1 DD),
2 W

Combined Coryat: $42,400

[game clues] [game scores] [suggest correction]

Game tape date: 2008-04-11
The J! Archive is created by fans, for fans. Scraping, republication, monetization, and malicious use prohibited; this site may use cookies and collect identifying information. See terms. The Jeopardy! game show and all elements thereof, including but not limited to copyright and trademark thereto, are the property of Jeopardy Productions, Inc. and are protected under law. This website is not affiliated with, sponsored by, or operated by Jeopardy Productions, Inc. Join the discussion at JBoard.tv.